The precision drill squad.

Bibliographic Details
Main Author: Casavant, A. R. (Albert R.)
Format: Book
Language:English
Published: San Antonio, Tex. : Southern Music Co., [1960]
Subjects:

MARC

Tag First Indicator Second Indicator Subfields
LEADER 00000cam a2200000 4500
001 in00000084613
005 20151008053156.0
008 750305s1960 txu 00000 eng u
035 |a (OCoLC)01201770 
035 |9 AAH6532AM 
040 |c BUF  |d TXA  |d UtOrBLW 
049 |a TXAM  |c [328968] 
090 |a MT733  |b .C322 
092 |a 371.73  |b C336p, 1960 
100 1 |a Casavant, A. R.  |q (Albert R.) 
245 1 4 |a The precision drill squad. 
264 1 |a San Antonio, Tex. :  |b Southern Music Co.,  |c [1960] 
264 4 |c ©1960 
300 |a 96 pages :  |b illustrations, diagrams ;  |c 29 cm. 
336 |a text  |b txt  |2 rdacontent 
337 |a unmediated  |b n  |2 rdamedia 
338 |a volume  |b nc  |2 rdacarrier 
650 0 |a Drill and minor tactics. 
999 |a MARS 
999 f f |s b036458a-e209-3427-82fc-1c035fb797c7  |i 5831c0df-477e-3e7f-ac43-2a06a28375b1  |t 0 
952 f f |p ric  |a Texas A&M University  |b Rellis Campus  |c Joint Library Facility  |d Remote Storage  |t 0  |e MT733 .C322  |h Library of Congress classification  |i unmediated -- volume  |m A14800844192 
998 f f |a MT733 .C322  |t 0  |l Remote Storage